00382pab a2200133 454500008004000000100001800040245010200058260000900160300001200169362001200181650001000193700001900203773002600222180718b2007 xxu||||| |||| 00| 0 eng d aMaithil, B.P. aCrime scene investigation: the foundation stone of crime detection, investigation and prosecution c2007 ap.8-14. aJul-Sep aCrime aMishra, Rajesh aIndian Police Journal